Normal view
MARC view
- Wallace, Marc J.,
Entry Personal Name
001 - CONTROL NUMBER
- control field: 6599
003 - CONTROL NUMBER IDENTIFIER
- control field: OSt
005 - DATE AND TIME OF LATEST TRANSACTION
- control field: 20170519164351.0
008 - FIXED-LENGTH DATA ELEMENTS
- fixed length control field: 170519|| aca||aabn | a|a d
040 ## - CATALOGING SOURCE
- Original cataloging agency: OSt
- Transcribing agency: OSt
100 ## - HEADING--PERSONAL NAME
- Personal name: Wallace, Marc J.,
- Dates associated with a name: 1944-
670 ## - SOURCE DATA FOUND
- Source citation: Work cat.: (OSt): Wallace, Marc J., 1944-, Compensation theory and practice / , c1983

PORTAL AKMAL
E-MEL JKDM
AKMAL2U
G-BAM
u-PUSTAKA